000 01004nam a2200277 i 4500
001 6270
003 ES-MaACL
005 20250827062538.0
007 t|
008 890912s1989 sp ||||0| spa d
020 _a84-7476-124-7
080 _a311.2
100 1 _aSánchez Carrión, Juan Javier.
_9102530
245 1 0 _aAnalisis de tablas de contingencia
_b: el uso de los porcentajes en las ciencias sociales /
_cpor Juan Javier Sanchez Carrion.
250 _a1a ed.
260 _aMadrid :
_bCentro de Investigaciones Sociologicas : Siglo XXI,
_c1989.
300 _aXI, 171 p. ;
_c21 cm.
490 1 _aMonografías ;
_v105
504 _aBibliogr.: p. 169-171.
650 1 4 _aAnálisis multivariante.
_99773
710 2 _aCentro de Investigaciones Sociológicas (España)
_92708
830 0 0 _aMonografías (Centro de Estudios Benaventanos "Ledo del Pozo")
_v105
_9177262
852 _aES-MaACL
_jL-13384
_bR.117028
_z. - rust.
852 _aES-MaACL
_jL-13385
_bR.116765
999 _c6270
_d6270